00443 2200169 4500001002100000008004100021035002000062245004400082100002200126260004300148300001300191020002100204084001400225082000800239650001000247990001600257INLIS000000000000008 ind  a0010-0724000008 aA Wedding After StorycMerry Maeta Sari aSari, Merry Maeta aJakarta :bElex Media Komputindoc2014 a270 hlm. a978-602-02-85856 a813 MER a a813 aFiksi aP29/CP/24/8